000 00441nam a2200193Ia 4500
005 20250603145339.0
008 250603s9999 xx 000 0 und d
020 _a9780340984451
050 _aHM 258 .M43/
100 _aEdited by James Curran
245 0 _aMedia and society
250 _a5th ed.
260 _aNew York
260 _bBloomsbury Academic
260 _c2010
300 _a386 p
650 _aNew York
942 _cBK
999 _c41598
_d41598